000 00515pab a2200193 454500
008 180718b2009 xxu||||| |||| 00| 0 eng d
100 _aGope, Asit
245 _aSpecial economic zone in India: a tool to economic development
260 _c2009
300 _ap.355-60.
362 _aMay
650 _aEconomic and social development - India
650 _aEconomic zones - India
650 _aEconomic zones
700 _aGhosh, Arindam
773 _aManagement Accountant
908 _aN
909 _a82493
999 _c82493
_d82493